Presidents On Screen Quiz Stats

 Plays Quiz Updated Jul 7, 2015

Challenge
Share
Tweet
Score 0/25 Timer 06:00
7 Plays Today
% Correct
Barack Obama ('My Name Is Khan')
98.6%
John F. Kennedy ('Watchmen')
98.6%
Richard Nixon ('Futurama')
97.7%
Ronald Reagan ('The Butler')
94.1%
George H. W. Bush ('The Simpsons')
91.4%
Theodore Roosevelt ('Night At The Museum')
90.6%
Bill Clinton ('The Special Relationship')
90.2%
George W. Bush ('Robot Chicken')
87.3%
John Adams ('John Adams')
84.4%
Franklin D. Roosevelt ('Hyde Park On Hudson')
82.8%
Dwight D. Eisenhower ('Ike: Countdown to D-Day')
82.3%
Abraham Lincoln ('Abraham Lincoln: Vampire Hunter')
80%
George Washington ('Assassins Creed 3: The Tyranny of King Washington')
77.3%
% Correct
Andrew Jackson ('The Buccaneer')
77%
Gerald Ford ('Saturday Night Live')
75.7%
Lyndon B. Johnson ('Metal Gear Solid 3: Snake Eater')
74.5%
Thomas Jefferson ('1776')
74.1%
John Quincy Adams ('Amistad')
73.4%
Ulysses S. Grant ('Wild Wild West')
70.6%
Harry S. Truman ('Truman')
69%
Woodrow Wilson ('Wilson')
61.2%
James Monroe ('Alexander Hamilton')
54.7%
Martin Van Buren ('Amistad')
44.5%
Warren G. Harding ('Backstairs At The White House')
31.8%
Andrew Johnson ('Tennessee Johnson')
31.6%

You're not logged in!

Compare scores with friends on all Sporcle quizzes.
OR
Log In

You Might Also Like...

Show Comments

Extras

Top Quizzes Today


Score Distribution

Your Account Isn't Verified!

In order to create a playlist on Sporcle, you need to verify the email address you used during registration. Go to your Sporcle Settings to finish the process.

Report this User

Report this user for behavior that violates our Community Guidelines.

Details: